jeux videos avec des objets ou activités oupersonnages... 2 - Statistiques

Statistiques générales
  • Ce quiz a été pris 98 fois
  • Le résultat moyen est 10 sur 15
Statistiques - réponses
Question Réponse % Correct
Ubisoft, assassins, bateaux assassin's creed Black Flags
92%
battle royal, Verdansk, gaz Call of Duty Warzone
92%
Demon, Sabre, Tanjiro Demon Slayer Hinokami Chronicles
92%
savane, maladie, Ubisoft, enrayement des armes, chasse Far Cry 2
92%
robots, Alloy, montagnes, arc Horizon Zero Dawn
83%
voitures, ville, destruction, police Burnout Paradise
75%
Kyrat, chasse, montagne, Asie Far Cry 4
75%
Bolivie, desert, Nomad, escouade Ghost Recon Wildland
75%
piratage, San Franscisco Watch Dogs 2
75%
archéologie, pirate, trésor, Sully, savane, mer Uncharted 4
50%
Star Wars (bonne chance), héroes Star Wars BattleFront II
42%
Regera, Texas, Trio, Offroad, voitur, drift, milliardaire Need For Speed Payback
33%
Quizz, français, famille Buzz, le plus malins des français
25%
Futuriste, zombies, NukeTown Call of Duty BO3
25%
Guerre Froide, Corée du Nord, USA Homefront
25%
Aucun quiz correspondant
Distribution des résultats
% des personnes avec chaque résultat
Percentile par nombre de réponses
Votre historique - résultats
Vous n’avez pas pris ce quiz